书目信息 |
| 题名: |
互联网+APP维修大课堂
|
|
| 作者: | 张新德 编著 | |
| 分册: | 空调器 | |
| 出版信息: | 北京 电子工业出版社 2019.10 |
|
| 页数: | 210页 | |
| 开本: | 26cm | |
| 丛书名: | ||
| 单 册: | ||
| 中图分类: | TM925.120 | |
| 科图分类: | ||
| 主题词: | 空气调节器--kong qi tiao jie qi--维修 | |
| 电子资源: | ||
| ISBN: | 978-7-121-37405-0 | |
| 000 | 00832nam 2200229 450 | |
| 001 | 2061836434 | |
| 005 | 20201104171051.87 | |
| 010 | @a978-7-121-37405-0@dCNY69.80 | |
| 100 | @a20191018d2019 em y0chiy50 ea | |
| 101 | 0 | @achi |
| 102 | @aCN@b110000 | |
| 105 | @aa z 000yy | |
| 200 | 1 | @a互联网+APP维修大课堂@Ahu lian wang +APP wei xiu da ke tang@i空调器@f张新德编著 |
| 210 | @a北京@c电子工业出版社@d2019.10 | |
| 215 | @a210页@c彩图@d26cm | |
| 330 | @a全书共分为6章, 主要内容包括: 互联网+APP知识简介、互联网+APP维修预备知识、互联网+APP维修必备知识、互联网+APP维修方法秘诀、互联网+APP维修实战技巧等。 | |
| 517 | 1 | @a空调器@Akong tiao qi |
| 606 | 0 | @a空气调节器@Akong qi tiao jie qi@x维修 |
| 690 | @aTM925.120@v5 | |
| 701 | 0 | @a张新德@Azhang xin de@4编著 |
| 801 | 0 | @aCN@b人天书店@c20200930 |
| 905 | @aZUCC@dTM925.120@eZ210 | |
| 互联网+APP维修大课堂.空调器/张新德编著.-北京:电子工业出版社,2019.10 |
| 210页:彩图;26cm |
| ISBN 978-7-121-37405-0:CNY69.80 |
| 全书共分为6章, 主要内容包括: 互联网+APP知识简介、互联网+APP维修预备知识、互联网+APP维修必备知识、互联网+APP维修方法秘诀、互联网+APP维修实战技巧等。 |
| ● |
| 相关链接 |
|
|
|
正题名:互联网+APP维修大课堂
索取号:TM925.120/Z210
 
预约/预借
| 序号 | 登录号 | 条形码 | 馆藏地/架位号 | 状态 | 备注 |
| 1 | 1477692 | 214776928 | 自科库301/301自科库 21排4列1层/ [索取号:TM925.120/Z210] | 在馆 | |
| 2 | 1477693 | 214776937 | 自科库301/301自科库 21排4列1层/ [索取号:TM925.120/Z210] | 在馆 |